000
00301nam a22001337a 4500
008
181206b xxu||||| |||| 00| 0 eng d
020
_a
9780306452406
041
_a
eng
080
_a
610
100
_a
4
101
_a
shm
245
_a
Textbook Of Health Care Ethics
_c
ErichH.l
942
_2
udc
_c
BK
999
_c
52949
_d
52949